header

Letters (Record no. 2967)

MARC details
000 -LEADER
fixed length control field 01023nam a2200253Ia 4500
100 1# - MAIN ENTRY--AUTHOR NAME
Personal name Jefferson, Thomas,
245 10 - TITLE STATEMENT
Title Letters
260 ## - PUBLICATION, DISTRIBUTION, ETC. (IMPRINT)
Place of publication [South Bend, IN] :
Name of publisher Infomotions, Inc. ;
Place of publication [Blacksburg, VA] :
Name of publisher Virginia Tech.,
Year of publication 2001.
300 ## - PHYSICAL DESCRIPTION
Number of Pages 502 p.
650 #0 - SUBJECT ADDED ENTRY--TOPICAL TERM
Topical Term Presidents
856 40 - ELECTRONIC LOCATION AND ACCESS
Uniform Resource Identifier http://site.ebrary.com/lib/rucke/Doc?id=5000764

No items available.

© 2026 Rongo University
Contact us: librarian | system librarian | Rongo university